Регионална библиотека "Любен Каравелов" - Русе

Габровски шеги (Запис номер 66105)

MARC детайли
000 -Лидер
Контролно поле с фиксирана дължина 01208nam a2200337 c 4500
003 - Код на организацията, давaща контролен номер
Контролно поле BLK
005 - Дата и час на последна редакция
Контролно поле 20180422102815.0
008 - Елементи от данни с фиксирана дължина
fixed length control field 180408b bul|||||r ||||||| ||bul||
010 ## - Наследен системен номер
LC control number KNG00070391000
040 ## - Източник на каталожния запис
Идентификатор на билиотеката - собственик на записа BLK
041 ## - Код за език
Код за езика на текст/звукозапис или на отделно заглавие Български
Код за езика КДБФ Български
080 ## - УДК
Текстов определител УДК Българска литература
УДК код - определител по УДК 821.163.2
УДК определител -7
УДК - код + определител 821.163.2-7
100 1# - Редна дума - Автор
Автор Фъртунов, Стефан
Авторска отговорност първи автор
R(LIN) 292790
139 ## - Редно поле
Редна дума Фъртунов, Стефан и др.
Авторски знак Фъ - Ф 97
245 10 - Сведения за заглавието
Заглавие Габровски шеги
Редно поле (дума) Стефан Фъртунов; съавт. Петър Проданов; ил. Борис Илиев Димовски.
250 ## - Област на изданието
Сведения за изданието 2. изд.
257 ## - Страна на издаване
Страна на създаване/издаване България
260 ## - Област на издателските данни
-- София
Име на издателя, разпространителя и проч. София-прес
Година на издаване 1975
300 ## - Физическа характеристика
Страници 142 с.
Илюстрации и др. с ил.
Размери/Мащаб 16 см
380 ## - Жанр
Жанр Худож. лит.
500 ## - Общи забележки
Забележка Авт. не а отбелязани на кор. - 1. изд. 1971.
653 ## - Ключова дума – ненормативна
Ключова дума хумор
653 ## - Ключова дума – ненормативна
Ключова дума анекдоти
700 1# - Други автори (авторска отговорност)
Лично име Проданов, Петър
Автороска отговорност (Описва отношението между автора и произведението) съавт.
9 (RLIN) 370627
700 1# - Други автори (авторска отговорност)
Лично име Димовски, Борис Илиев
Автороска отговорност (Описва отношението между автора и произведението) ил.
9 (RLIN) 363792
852 ## - Местоположение
Форматна сигнатура Цб І 14581
856 4# - Електронен адрес и достъп
Електронен формат pdf - файл
Път до файла /url/
856 4# - Електронен адрес и достъп
Електронен формат pdf - файл
Път до файла /url/
942 ## - АРТИКУЛИ
Вид на библиотечния материал Книги
Скрит в OPAC Не
944 ## - СЪЗДАВАНЕ И РЕДАКЦИЯ на ЗАПИСА
Създаване/Редакция Създаване
Дата на регистрацията/редакция 08.01.2007
Служител, извършил регистрацията/редакцията Виолета_Тройчева
944 ## - СЪЗДАВАНЕ И РЕДАКЦИЯ на ЗАПИСА
Създаване/Редакция Редакция
Дата на регистрацията/редакция 19.09.2014
Служител, извършил регистрацията/редакцията
999 ## - СИСТЕМНИ КОНТРОЛНИ НОМЕРА
Koha biblionumber 66105
Koha biblioitemnumber 66105
Наличности
Код за отписване Код за изгубен артикул Код за повреда Коз за рестрикции Код за отдаване Артикулен № Име на библиотеката - собственик Име на библиотеката, в която се намира в момента Статус (Текущо местоположение) Дата на вписване в системата Местоположение - отдел Цена в лева Инвентарен номер Систематично азбучна сигнатура Баркод Номер на екземпляра Цена в евро Служебна бележка Служебен тип на артикула Източник на класификационната схема
  Не е изгубен Не е повреден без рестрикции заемане за дома 109346 Регионална библиотека "Любен Каравелов" Русе Регионална библиотека "Любен Каравелов" Русе Детски отдел 2007-01-08 Детски отдел 0.85 120000708269 Д 886.7/Ф 97 120000708269 1 0.43 Дост: DA Вид: А N: 1 Дата: 05.01.2007 Дата инв: 11.08.2015 Бележки инв: Д2015 Книги  
  Не е изгубен Не е повреден без рестрикции ползва се в читалня 109347 Регионална библиотека "Любен Каравелов" Русе Регионална библиотека "Любен Каравелов" Русе Хранилище 2001-01-01 Хранилище 0.85 196206 Цб І 14581 120000196206 2 0.43 Дост: Dp Вид: Д N: стар фонд Дата: 01.01.2001 Книги Universal Decimal Classification
Vip Innovations Ltd, Rousse, Bulgaria 2025